000 00722nam a2200265Ia 4500
003 OSt
005 20221005083513.0
006 a|||||r|||| 00| 0
007 ta
008 221004b |||||||| |||| 00| 0 eng d
020 _a8125907254
024 _a25350
037 _cTextual
040 _aCRL
_cCRL
_beng
041 _2eng
_aeng
082 _aT4:8(Z,171).2'N9, N9
100 _aRao K. Sudha
245 0 _aManagement of autonomy in autonomous colleges.
260 _aNew Delhi
_bVikas publishing house India
_c1999
300 _a169p.
_ccm.
650 _a EDUCATION
650 _aHIGHER EDUCATION
942 _hT4:8(Z,171).2'N9, N9
_cTEXL
_2cc
999 _c991119
_d991119